The Last of Us 2 Quiz - Statistics

General Stats
  • This quiz has been taken 1,555 times
  • The average score is 7 of 15
Answer Stats
Hint Answer % Correct
Ellie´s girlfriend Dina
98%
Who kills Manny? Tommy
77%
Ellie´s girlfirend´s ex Jesse
71%
Ellie´s horse Shimmer
67%
Dina´s son JJ
65%
Joel´s year of death 2038
64%
Where does Abby find Owen? The Aquarium
62%
WFL leader Isaac
61%
Gang of slavers based in Santa Barbara Rattlers
37%
Doctor killed by Joel in Salt Lake City? Jerry Anderson
24%
Where does Ellie meet with Jesse in Seattle? Hillcrest
20%
Adress that Abby trades with a smuggler for a gun 2425 Constance
16%
Place where Ellie finds Abby and Lev The Resort
4%
Where does Ellie find Nora? Lakehill Seattle Hospital
3%
Religious cult currrently at war with the WFL Seraphites (Scars)
3%
No matching quizzes found
Score Distribution
Percent of People with Each Score
Percentile by Number Answered
Your Score History
You have not taken this quiz